Ley estatutaria en salud / (Registro nro. 7528)
[ vista simple ]
| 000 -LEADER | |
|---|---|
| fixed length control field | 03003nam a22003017a 4500 |
| 003 - CONTROL NUMBER IDENTIFIER | |
| control field | OSt |
| 005 - DATE AND TIME OF LATEST TRANSACTION | |
| control field | 20210310152327.0 |
| 008 - FIXED-LENGTH DATA ELEMENTS--GENERAL INFORMATION | |
| fixed length control field | 210310s2014 ck ad||fr|||| 00| 0 spa d |
| 020 ## - INTERNATIONAL STANDARD BOOK NUMBER | |
| International Standard Book Number | 9789585755857 |
| 040 ## - CATALOGING SOURCE | |
| Original cataloging agency | CO-JMCR |
| Transcribing agency | CO-JMCR |
| 041 0# - LANGUAGE CODE | |
| Language code of text/sound track or separate title | spa |
| 082 04 - DEWEY DECIMAL CLASSIFICATION NUMBER | |
| Classification number | 344.8610321 / |
| Item number | A696l |
| Edition number | 23 |
| 100 1# - MAIN ENTRY--PERSONAL NAME | |
| Personal name | Arias, Jaime, |
| Relator term | autor |
| 9 (RLIN) | 13005 |
| 245 10 - TITLE STATEMENT | |
| Title | Ley estatutaria en salud / |
| Statement of responsibility, etc. | Jaime Arias, Ana Cecilia Santos, Juan Pablo Currea [y otros 10] |
| 250 ## - EDITION STATEMENT | |
| Edition statement | Primera edición |
| 260 ## - PUBLICATION, DISTRIBUTION, ETC. | |
| Place of publication, distribution, etc. | Bogotá, |
| Name of publisher, distributor, etc. | Acemi, |
| Date of publication, distribution, etc. | 2014 |
| 300 ## - PHYSICAL DESCRIPTION | |
| Extent | 155 páginas : |
| Other physical details | ilustraciones y gráficas a blanco y negro ; |
| Dimensions | 24 cm. |
| 500 ## - GENERAL NOTE | |
| General note | Incluye notas a pie de página. |
| 504 ## - BIBLIOGRAPHY, ETC. NOTE | |
| Bibliography, etc. note | Bibliografía al final de cada capítulo. |
| 505 0# - FORMATTED CONTENTS NOTE | |
| Formatted contents note | Debates Ley Estatutaria -- La Ley Estatutaria y los determinantes sociales de la salud: avances y retos -- Un paso más para el goce efectivo del derecho -- Beneficios del SGSSS con la Ley Estatutaria -- Sostenibilidad del sistema y el fallo de la Corte Constitucional -- Dos puntos de vista sobre política farmacéutica -- Autorregulación y autonomía médica -- Reto axiológico para hacer efectiva la salud como derecho fundamental: a propósito de la Ley Estatutaria en Salud en Colombia -- Comentarios al pronunciamiento de la Corte Constitucional |
| 520 3# - SUMMARY, ETC. | |
| Summary, etc. | El propósito de esta publicación es animar a los debates y discusiones que vendrán en los próximos meses alrededor del derecho fundamental a la salud y la manera de como este debe ser desarrollado en el plano jurídico y en la praxis de las políticas sanitarias y los servicios de salud. Ojalá la discusión de centre más en los fundamentos, desarrollo y aplicaciones de la norma que en el trasfondo político e ideológico, lo cual facilitará llegar a conclusiones y compromisos de todos los interesados y no a la creación de un nuevo campo de batalla ideológico dentro del sector salud. Pareciera ser que la mayoría de los ciudadanos, lo mismo que los centros de pensamiento del sector y los partidos políticos, coinciden en la justificación, conveniencia y aplicación de los conceptos y reglamentos legales y constitucionales que enmarcan el derecho a la salud como un nuevo campo de referencia jurídico que supera anteriores concepciones de la salud como servicio limitado a los que tuvieran la capacidad individual de acceder al mismo y, además, limitado a la atención individual en casos de enfermedades. No cabe duda que el pensamiento predominante favorece la noción derivada de la aplicación particular del Estado Social de Derecho al campo sanitario y que la discusión sobre si la salud es un derecho fundamental o un servicio prestacional está prácticamente desaparecida. |
| 650 14 - SUBJECT ADDED ENTRY--TOPICAL TERM | |
| Topical term or geographic name entry element | Política de la salud |
| General subdivision | Ley Estatutaria |
| Geographic subdivision | Colombia |
| 9 (RLIN) | 14681 |
| 650 24 - SUBJECT ADDED ENTRY--TOPICAL TERM | |
| Topical term or geographic name entry element | Ley Estatutaria |
| General subdivision | medicina socializada |
| Geographic subdivision | Colombia |
| 9 (RLIN) | 14682 |
| 650 24 - SUBJECT ADDED ENTRY--TOPICAL TERM | |
| Topical term or geographic name entry element | Derecho a la salud |
| 9 (RLIN) | 14683 |
| 700 1# - ADDED ENTRY--PERSONAL NAME | |
| Personal name | Santos, Ana Cecilia, |
| Relator term | autora |
| 9 (RLIN) | 14684 |
| 700 1# - ADDED ENTRY--PERSONAL NAME | |
| Personal name | Currea, Juan Pablo, |
| Relator term | autor |
| 9 (RLIN) | 14685 |
| 942 ## - ADDED ENTRY ELEMENTS (KOHA) | |
| Source of classification or shelving scheme | Dewey Decimal Classification |
| Koha item type | Books |
| Withdrawn status | Lost status | Source of classification or shelving scheme | Damaged status | Not for loan | Collection code | Home library | Current library | Date acquired | Source of acquisition | Full call number | Barcode | Date last seen | Copy number | Price effective from | Koha item type |
|---|---|---|---|---|---|---|---|---|---|---|---|---|---|---|---|
| Dewey Decimal Classification | Non-fiction | Biblioteca Pública José María del Castillo y Rada | Biblioteca Pública José María del Castillo y Rada | 10/02/2020 | Donación | 344.8610321 / A696l | 201810799 | 05/16/2024 | Ej.1 | 03/10/2021 | Books |